[Event "WYCC 2004 - G14"]
[Site "Creta Maris Conference Hotel"]
[Date "2004.11.08"]
[Round "6.12"]
[White "Tay Li-Jin, Jeslin"]
[Black "Skinke, Katrina"]
[Result "0-1"]
[WhiteElo "1998"]
[BlackElo "2090"]
[PlyCount "108"]
[EventDate "2004.11.04"]

1. d4 Nf6 2. c4 g6 3. Nc3 Bg7 4. e4 d6 5. Be2 Nbd7 6. Be3 c6 7. Qd2 Qa5 8. Nf3
O-O 9. O-O e5 10. dxe5 dxe5 11. Nd5 Qxd2 12. Ne7+ Kh8 13. Nxd2 Rd8 14. Rfd1 Bf8
15. Nxc8 Raxc8 16. f3 Nc5 17. Nb3 Nfd7 18. Nxc5 Bxc5 19. Bxc5 Nxc5 20. Kf2 Ne6
21. Rxd8+ Rxd8 22. Rd1 Nd4 23. g3 Kg7 24. Bd3 f6 25. Ke3 c5 26. Rd2 Kf7 27. Be2
Ke6 28. Bd1 Rd6 29. f4 Ra6 30. a3 Rd6 31. Bg4+ Ke7 32. fxe5 fxe5 33. Rf2 Rb6
34. Bd1 Ne6 35. Rd2 Nd4 36. Rf2 Rd6 37. Rd2 a6 38. Ba4 Rb6 39. Bd1 g5 40. Rf2
Rh6 41. Bg4 Ke8 42. Bd1 Ke7 43. Bg4 b5 44. cxb5 axb5 45. Bd1 c4 46. Kd2 Rd6 47.
Ke3 Ne6 48. Bc2 h6 49. Rf1 Rd8 50. Bd1 Rd3+ 51. Kf2 Rd2+ 52. Kf3 Rxb2 53. h3 c3
54. Ke3 Nd4 0-1

[Event "WYCC 2004 - G14"]
[Site "Creta Maris Conference Hotel"]
[Date "2004.11.08"]
[Round "6.13"]
[White "Traistaru, Teodora"]
[Black "Fuchs, Judith"]
[Result "1-0"]
[WhiteElo "2082"]
[BlackElo "1961"]
[PlyCount "95"]
[EventDate "2004.11.04"]

1. e4 c6 2. Nc3 d5 3. Nf3 dxe4 4. Nxe4 Nf6 5. Nxf6+ exf6 6. Bc4 Bd6 7. d4 O-O
8. O-O Qc7 9. h3 Nd7 10. c3 Re8 11. Qc2 Nf8 12. Nh4 Ng6 13. Nxg6 hxg6 14. Qxg6
Be6 15. Qd3 Qd7 16. Bxe6 Rxe6 17. Bd2 Bc7 18. Rae1 Rd8 19. Qc4 Rde8 20. Rxe6
fxe6 21. Re1 Kf7 22. f4 g6 23. Rf1 Qd6 24. Qc5 Qxc5 25. dxc5 Rd8 26. Be3 Rd5
27. Kf2 e5 28. fxe5 Bxe5 29. Ke2 Ke6 30. Rf3 Rd7 31. Bf2 Rd5 32. Rd3 g5 33. g4
Rxd3 34. Kxd3 f5 35. Be3 Bf6 36. Bf2 Be5 37. a4 Bf6 38. b4 f4 39. Be1 Be7 40.
Ke4 Bd8 41. c4 Be7 42. h4 Bd8 43. hxg5 Bxg5 44. Bc3 Bh6 45. Bb2 Bg5 46. Bg7 a6
47. Bc3 Bh6 48. Bb2 1-0

[Event "WYCC 2004 - B16"]
[Site "Creta Maris Conference Hotel"]
[Date "2004.11.08"]
[Round "6.4"]
[White "Arun Prasad, S."]
[Black "Moranda, Wojciech"]
[Result "1/2-1/2"]
[WhiteElo "2367"]
[BlackElo "2458"]
[PlyCount "52"]
[EventDate "2004.11.04"]

1. Nf3 g6 2. e4 Bg7 3. d4 c5 4. c3 cxd4 5. cxd4 d5 6. e5 Nc6 7. Nc3 Nh6 8. h3
O-O 9. Bb5 f6 10. O-O Nf7 11. Re1 fxe5 12. dxe5 d4 13. Bxc6 bxc6 14. Nxd4 Nxe5
15. Qb3+ Kh8 16. Be3 c5 17. Ndb5 c4 18. Qa4 a6 19. Na3 Bd7 20. Qd1 Nd3 21. Nxc4
Nxe1 22. Qxe1 Bb5 23. Nb6 Rb8 24. Rd1 Qe8 25. Nxb5 Qxb5 26. Nd7 Qxb2 1/2-1/2

[Event "WYCC 2004 - B16"]
[Site "Creta Maris Conference Hotel"]
[Date "2004.11.08"]
[Round "6.6"]
[White "Glud, Jacob Vang"]
[Black "Goh Koon-Jong, Jason"]
[Result "1/2-1/2"]
[WhiteElo "2292"]
[BlackElo "2419"]
[PlyCount "102"]
[EventDate "2004.11.04"]

1. d4 d5 2. c4 c6 3. Nf3 e6 4. Bg5 Be7 5. Bxe7 Qxe7 6. e3 Nd7 7. Nc3 Ngf6 8.
Bd3 a6 9. cxd5 exd5 10. Qc2 O-O 11. O-O Re8 12. Rfc1 g6 13. Rab1 a5 14. Na4 Kg7
15. a3 Ne4 16. Bxe4 Qxe4 17. Qxe4 Rxe4 18. Ne1 Re6 19. Nd3 b6 20. b4 axb4 21.
Rxb4 b5 22. Nac5 Re7 23. a4 bxa4 24. Rxa4 Rb8 25. Nxd7 Bxd7 26. Ra7 Kf8 27. h3
Be8 28. Rca1 Rb1+ 29. Rxb1 Rxa7 30. Nc5 Ke7 31. Kh2 Bd7 32. Kg3 Bc8 33. Rb2 Kd6
34. h4 f6 35. Rb4 Kc7 36. Ra4 Rxa4 37. Nxa4 Kd6 38. Nc5 Bf5 39. Kf4 Bc2 40. f3
h6 41. e4 dxe4 42. fxe4 Bb1 43. g3 Ba2 44. h5 Bf7 45. hxg6 Bxg6 46. Nd3 Ke6 47.
Nc5+ Kd6 48. Ke3 Bf7 49. Kd3 Bg6 50. Ke3 Bf7 51. Kf4 Bg6 1/2-1/2

[Event "WYCC 2004 - B16"]
[Site "Creta Maris Conference Hotel"]
[Date "2004.11.08"]
[Round "6.7"]
[White "Zorko, Jure"]
[Black "Mamedov, Rauf"]
[Result "0-1"]
[WhiteElo "2314"]
[BlackElo "2517"]
[PlyCount "74"]
[EventDate "2004.11.04"]

1. e4 c5 2. Nf3 Nc6 3. d4 cxd4 4. Nxd4 Nf6 5. Nc3 e5 6. Ndb5 d6 7. Bg5 a6 8.
Na3 b5 9. Nd5 Be7 10. Bxf6 Bxf6 11. c3 Bg5 12. Nc2 O-O 13. a4 bxa4 14. Rxa4 a5
15. Bc4 Rb8 16. b3 Kh8 17. O-O f5 18. exf5 Bxf5 19. Nce3 Bg6 20. Qe2 e4 21.
Rfa1 Bh4 22. g3 Bg5 23. Bb5 Ne5 24. Rxa5 Qc8 25. Kg2 Bxe3 26. Nxe3 Qxc3 27. Qc2
Qd4 28. R5a4 Qb6 29. Bc4 Nd3 30. Bxd3 exd3 31. Qc3 Qb7+ 32. Kh3 Rxf2 33. Ra7
Bf5+ 34. Nxf5 Qg2+ 35. Kh4 Qe4+ 36. g4 Rxh2+ 37. Kg5 h6+ 0-1

[Event "WYCC 2004 - B16"]
[Site "Creta Maris Conference Hotel"]
[Date "2004.11.08"]
[Round "6.8"]
[White "Alsina Leal, Daniel"]
[Black "Kononenko, Dmitry"]
[Result "1/2-1/2"]
[WhiteElo "2282"]
[BlackElo "2435"]
[PlyCount "95"]
[EventDate "2004.11.04"]

1. e4 c5 2. Nf3 Nc6 3. Bb5 d6 4. O-O Bd7 5. Re1 Nf6 6. c3 a6 7. Bf1 Bg4 8. d3
e6 9. Nbd2 Be7 10. h3 Bh5 11. g4 Bg6 12. Nh4 Nd7 13. Ng2 h6 14. f4 Bh7 15. Nf3
g5 16. f5 Nde5 17. Be3 h5 18. Nxe5 dxe5 19. Qf3 f6 20. Bf2 hxg4 21. hxg4 exf5
22. exf5 Qd7 23. Qe4 O-O-O 24. Ne3 Bg8 25. b3 Bf8 26. Rad1 Ne7 27. Bg2 Nd5 28.
Nxd5 Bxd5 29. Qxd5 Qxd5 30. Bxd5 Rxd5 31. d4 cxd4 32. cxd4 Bd6 33. dxe5 Rxd1
34. Rxd1 Bxe5 35. Bb6 Bc7 36. Rc1 Rh7 37. Kg2 Kb8 38. Bd4 Bd8 39. Kf3 Rh3+ 40.
Ke4 Rg3 41. Rg1 Rxg1 42. Bxg1 Kc7 43. Kd5 Kd7 44. a4 Bc7 45. Bd4 Bd8 46. Bc3
Be7 47. Bb2 Bd8 48. Bd4 1/2-1/2

[Event "WYCC 2004 - B16"]
[Site "Creta Maris Conference Hotel"]
[Date "2004.11.08"]
[Round "6.9"]
[White "Ibarra Chami, Luis Fernando"]
[Black "Sirotine, Konstantin"]
[Result "0-1"]
[WhiteElo "2097"]
[BlackElo "2400"]
[PlyCount "114"]
[EventDate "2004.11.04"]

1. e4 e5 2. Nf3 d6 3. d4 exd4 4. Qxd4 Nf6 5. Bg5 Be7 6. Nc3 O-O 7. O-O-O Nc6 8.
Qd2 Be6 9. Kb1 a6 10. Nd5 Bxd5 11. exd5 Ne4 12. Qe3 Nxg5 13. dxc6 bxc6 14. Nd4
Qd7 15. Bd3 c5 16. Bf5 cxd4 17. Qxg5 Bxg5 18. Bxd7 Rab8 19. Rhe1 Bf6 20. Re2
Rxb2+ 21. Kxb2 d3+ 22. Ka3 dxe2 23. Re1 Be5 24. h3 g6 25. Rxe2 Rb8 26. Re4 c5
27. g4 Bd4 28. f3 Rb4 29. c3 Bxc3 30. Rxb4 cxb4+ 31. Kb3 d5 32. Bc6 d4 33. Be4
Kg7 34. f4 Kf6 35. Kc4 Bd2 36. Kxd4 Bxf4 37. Bd5 Kg7 38. Kc5 a5 39. Kb6 Bd2 40.
Bb3 f5 41. gxf5 gxf5 42. Kxa5 f4 43. Kb5 f3 44. Kc5 f2 45. Bc4 Kf6 46. Kd4 Kf5
47. Bf1 Kf4 48. Kd3 Be1 49. h4 h5 50. Ke2 Kg3 51. Ke3 Kh2 52. Ke2 Kg1 53. Bh3
Bc3 54. Bf1 Bf6 55. Bh3 Bxh4 56. Bf1 Bg5 57. Bh3 Bf6 0-1

[Event "WYCC 2004 - B16"]
[Site "Creta Maris Conference Hotel"]
[Date "2004.11.08"]
[Round "6.10"]
[White "Grigoryan, Avetik"]
[Black "Sanikidze, Tornike"]
[Result "1-0"]
[WhiteElo "2227"]
[BlackElo "2364"]
[PlyCount "73"]
[EventDate "2004.11.04"]

1. Nf3 Nf6 2. c4 g6 3. Nc3 d5 4. cxd5 Nxd5 5. Qa4+ Bd7 6. Qh4 Nxc3 7. dxc3 Nc6
8. Qg3 f6 9. e4 e5 10. h4 Bd6 11. h5 g5 12. Be2 Qe7 13. Nd2 O-O-O 14. Nc4 Kb8
15. Bg4 Qf7 16. b3 Bxg4 17. Qxg4 Ne7 18. O-O h6 19. Rd1 f5 20. exf5 Nxf5 21.
Nxd6 cxd6 22. c4 Ng7 23. Ba3 Kc7 24. Rd2 Rd7 25. Qe2 Re8 26. Rad1 Nf5 27. Qe4
b6 28. c5 Nd4 29. cxd6+ Kb8 30. Re1 Rdd8 31. Re3 Qd7 32. Qd5 Ne6 33. Rc2 Nf4
34. Qe4 Rc8 35. Rxc8+ Qxc8 36. Bb2 Qg4 37. d7 1-0

[Event "WYCC 2004 - B16"]
[Site "Creta Maris Conference Hotel"]
[Date "2004.11.08"]
[Round "6.11"]
[White "Sengupta, Deep"]
[Black "Khamrakulov, Dzhurabek"]
[Result "1/2-1/2"]
[WhiteElo "2359"]
[BlackElo "2294"]
[PlyCount "85"]
[EventDate "2004.11.04"]

1. f4 c5 2. Nf3 Nc6 3. e3 g6 4. Bb5 Bg7 5. O-O Qc7 6. d3 e6 7. Bxc6 Qxc6 8. c4
b6 9. Qc2 Bb7 10. Bd2 f5 11. Bc3 Nf6 12. Nbd2 O-O 13. b3 h6 14. Rae1 Kh7 15.
Qb2 Rad8 16. e4 d5 17. cxd5 exd5 18. exd5 Rxd5 19. Nc4 Qc7 20. Re6 Qd8 21. Rfe1
Rf7 22. Nce5 Rc7 23. Nh4 Bc8 24. Rc6 Rxe5 25. fxe5 Rxc6 26. exf6 Bxf6 27. Nf3
Bxc3 28. Qxc3 Re6 29. Re5 Rxe5 30. Qxe5 Bb7 31. Ne1 Kg8 32. Qe6+ Kg7 33. Kf1
Qc7 34. Ke2 Qf7 35. Qe5+ Qf6 36. Qc7+ Qf7 37. Qe5+ Kh7 38. g3 Qg7 39. Qb8 Qe7+
40. Kd2 Bd5 41. Nc2 Qd7 42. Kc3 Be6 43. Kd2 1/2-1/2

[Event "WYCC 2004 - B16"]
[Site "Creta Maris Conference Hotel"]
[Date "2004.11.08"]
[Round "6.12"]
[White "Brkic, Ante"]
[Black "Pileckis, Emilis"]
[Result "1-0"]
[WhiteElo "2454"]
[BlackElo "2225"]
[PlyCount "77"]
[EventDate "2004.11.04"]

1. e4 c5 2. Nf3 Nc6 3. d4 cxd4 4. Nxd4 Nf6 5. Nc3 e5 6. Ndb5 d6 7. a4 a6 8. Na3
Be6 9. Bc4 Be7 10. O-O O-O 11. Bg5 Nxe4 12. Nxe4 Bxc4 13. Bxe7 Nxe7 14. Nxc4 d5
15. Nxe5 dxe4 16. Nd7 Re8 17. Nc5 Qb6 18. Nxe4 Qxb2 19. Rb1 Qe5 20. Qf3 Rab8
21. Rfd1 Nf5 22. Ng3 Nd4 23. Qd3 Rbd8 24. c3 Nc6 25. Qf3 Na5 26. h4 h6 27. h5
Kh7 28. Qxf7 Qxc3 29. Qf5+ Kh8 30. Rdc1 Qe5 31. Rc5 Qd4 32. Rxa5 Rf8 33. Qc2
Rc8 34. Qb2 Qd3 35. Rf1 Rc2 36. Qxb7 Qd4 37. Rf5 Rxf5 38. Nxf5 Qf6 39. Ne7 1-0

[Event "WYCC 2004 - G16"]
[Site "Creta Maris Conference Hotel"]
[Date "2004.11.08"]
[Round "6.1"]
[White "Khotenashvili, Bela"]
[Black "Gomes, Mary Ann"]
[Result "1-0"]
[WhiteElo "2248"]
[BlackElo "2183"]
[PlyCount "35"]
[EventDate "2004.11.04"]

1. d4 f5 2. Nc3 Nf6 3. Bg5 e6 4. e4 fxe4 5. Nxe4 Be7 6. Nxf6+ Bxf6 7. h4 Nc6 8.
Nf3 d6 9. Qd2 Bd7 10. O-O-O h6 11. Bd3 O-O 12. c3 Ne7 13. Bc2 Bc6 14. Bxf6 Bxf3
15. gxf3 gxf6 16. Qxh6 Kf7 17. Qh5+ Ng6 18. Bxg6+ 1-0

[Event "WYCC 2004 - G16"]
[Site "Creta Maris Conference Hotel"]
[Date "2004.11.08"]
[Round "6.2"]
[White "Nebolsina, Vera"]
[Black "Purtseladze, Maka"]
[Result "1/2-1/2"]
[WhiteElo "2218"]
[BlackElo "2269"]
[PlyCount "120"]
[EventDate "2004.11.04"]

1. d4 Nf6 2. Nf3 e6 3. c4 Bb4+ 4. Bd2 Be7 5. g3 d5 6. Bg2 c6 7. Qc2 O-O 8. O-O
b6 9. Rd1 Bb7 10. Bf4 Nbd7 11. Nc3 Rc8 12. b3 Nh5 13. Bc1 f5 14. Qd3 Nhf6 15.
Ng5 Qe8 16. Nxe6 Rf7 17. cxd5 Nxd5 18. Nxd5 cxd5 19. Bf4 Nf8 20. Nc7 Qd7 21.
Nb5 a6 22. Nc3 g5 23. Bd2 Ng6 24. Na4 Qe6 25. Rac1 Re8 26. Rc7 Bd8 27. Rxf7
Kxf7 28. Re1 h5 29. Nc3 h4 30. h3 Bf6 31. Rf1 b5 32. e3 Rc8 33. Ne2 Kg7 34. f4
gxf4 35. Nxf4 Nxf4 36. Rxf4 hxg3 37. Rxf5 Rf8 38. Rf3 Bh4 39. Rxf8 Kxf8 40.
Qf1+ Kg7 41. Qf4 Qe7 42. Bf3 b4 43. Kg2 a5 44. Qg4+ Kf8 45. Qf5+ Qf7 46. Qxf7+
Kxf7 47. Be1 Bg5 48. Bh5+ Ke6 49. Bg4+ Ke7 50. Kf3 g2 51. Bf2 Ba6 52. Bf5 Bf1
53. Kg4 Kf6 54. Bc2 Bh6 55. Bg1 Bf8 56. Kf3 Kg5 57. Bh7 Kf6 58. Bg8 Bd3 59.
Bxd5 Bb1 60. Bc6 Bxa2 1/2-1/2

[Event "WYCC 2004 - G16"]
[Site "Creta Maris Conference Hotel"]
[Date "2004.11.08"]
[Round "6.3"]
[White "Gunina, Valentina"]
[Black "Franciskovic, Borka"]
[Result "1-0"]
[WhiteElo "2354"]
[BlackElo "2145"]
[PlyCount "71"]
[EventDate "2004.11.04"]

1. d4 Nf6 2. c4 e6 3. Nf3 Bb4+ 4. Bd2 c5 5. Bxb4 cxb4 6. g3 O-O 7. Bg2 d6 8.
Qb3 a5 9. O-O Nc6 10. a3 bxa3 11. Nxa3 Re8 12. Rfd1 Qe7 13. Nb5 Bd7 14. Nc7
Rec8 15. Nxa8 Rxa8 16. d5 exd5 17. cxd5 Nd8 18. Nd4 Qe5 19. Qb6 Nxd5 20. Bxd5
Qxd5 21. Nf3 Qc6 22. Rxd6 Qxb6 23. Rxb6 Kf8 24. Ne5 Be6 25. Rb5 a4 26. Rb4 Rc8
27. Raxa4 Rc2 28. e4 Bh3 29. Ra1 f6 30. Nd3 g5 31. e5 Bf5 32. exf6 Bxd3 33. Rd4
Nc6 34. Rxd3 Ne5 35. Re3 Ng4 36. Re7 1-0

[Event "WYCC 2004 - G16"]
[Site "Creta Maris Conference Hotel"]
[Date "2004.11.08"]
[Round "6.4"]
[White "Chulivska, Vita"]
[Black "Yildiz, Betul Cemre"]
[Result "1/2-1/2"]
[WhiteElo "2197"]
[BlackElo "2131"]
[PlyCount "58"]
[EventDate "2004.11.04"]

1. e4 c5 2. b4 cxb4 3. a3 e5 4. Nf3 Nc6 5. Bc4 Nf6 6. Ng5 d5 7. exd5 Nd4 8. c3
Nf5 9. O-O Bd6 10. Bb5+ Bd7 11. Qa4 O-O 12. Bxd7 Nxd7 13. Ne4 Nb6 14. Qb3 Be7
15. axb4 Qxd5 16. Qxd5 Nxd5 17. d4 Nd6 18. Ra5 b5 19. Nxd6 Bxd6 20. Rxb5 Nc7
21. Rb7 exd4 22. Rd1 Ne6 23. cxd4 Rfb8 24. Rxb8+ Rxb8 25. d5 Nc7 26. Be3 Rxb4
27. Bxa7 Nxd5 28. g3 Be7 29. Rxd5 Rxb1+ 1/2-1/2

[Event "WYCC 2004 - G16"]
[Site "Creta Maris Conference Hotel"]
[Date "2004.11.08"]
[Round "6.5"]
[White "Mikadze, Miranda"]
[Black "Pourkashiyan, Atousa"]
[Result "0-1"]
[WhiteElo "2172"]
[BlackElo "2217"]
[PlyCount "66"]
[EventDate "2004.11.04"]

1. e4 e5 2. Nf3 Nf6 3. Nxe5 d6 4. Nf3 Nxe4 5. Nc3 Nxc3 6. dxc3 Be7 7. Bf4 Nd7
8. Qd2 Nc5 9. O-O-O O-O 10. Be3 c6 11. c4 Ne4 12. Qe1 Re8 13. Bd3 Bf5 14. Nd4
Bg6 15. Kb1 Bf6 16. f3 Bxd4 17. Bxd4 Nc5 18. Qg3 Nxd3 19. Rxd3 Re2 20. Rhd1 Qe7
21. R3d2 Re8 22. b3 a5 23. f4 f6 24. Qf3 a4 25. f5 Rxd2 26. Rxd2 Bxf5 27. Kb2
axb3 28. Qxf5 bxa2 29. Kxa2 Ra8+ 30. Kb3 d5 31. c5 Qe1 32. Bc3 Qb1+ 33. Bb2
Qa2+ 0-1

[Event "WYCC 2004 - G16"]
[Site "Creta Maris Conference Hotel"]
[Date "2004.11.08"]
[Round "6.6"]
[White "Sarquis, Maria Belen"]
[Black "Majdan, Joanna"]
[Result "0-1"]
[WhiteElo "2092"]
[BlackElo "2219"]
[PlyCount "120"]
[EventDate "2004.11.04"]

1. e4 d5 2. exd5 Qxd5 3. Nc3 Qa5 4. Nf3 Nf6 5. Be2 Bf5 6. d4 e6 7. O-O c6 8.
Bf4 h6 9. Ne5 Be7 10. Qd2 Qd8 11. Bf3 Nbd7 12. Rfe1 Nxe5 13. Bxe5 O-O 14. Re2
Nh7 15. Ne4 Bg6 16. Rd1 f6 17. Bf4 Bf7 18. Nc5 e5 19. Be3 b6 20. Nb3 Rc8 21. h4
e4 22. Bxe4 Bh5 23. f3 f5 24. Bd3 Bxh4 25. Bf4 Ng5 26. Rf1 Kh8 27. Ba6 Rc7 28.
Qb4 Rd7 29. Re3 Qf6 30. Be5 Qd8 31. Bf4 Nh7 32. Bd3 Be7 33. Rxe7 Rxe7 34. Bd6
Ref7 35. Bxf8 Rxf8 36. Re1 Qg5 37. Qd2 Qg6 38. Qf4 Ng5 39. Kh2 Qf6 40. Re5 Bg6
41. Bc4 b5 42. Bd3 Ne6 43. Qg3 Bh7 44. Qe1 Nf4 45. Nc5 Qd6 46. Kh1 Qxd4 47. c3
Nxd3 48. cxd4 Nxe1 49. Rxe1 Bg8 50. Re7 Rf7 51. Re8 Kh7 52. Kg1 h5 53. Ne6 Rf6
54. Ng5+ Kh8 55. f4 g6 56. Kf2 a5 57. b3 Kg7 58. Re7+ Kf8 59. Ra7 Rd6 60. Ke3
h4 0-1

[Event "WYCC 2004 - G16"]
[Site "Creta Maris Conference Hotel"]
[Date "2004.11.08"]
[Round "6.7"]
[White "Kharmunova, Nadejda"]
[Black "Isgandarova, Khayala"]
[Result "0-1"]
[WhiteElo "2182"]
[BlackElo "2067"]
[PlyCount "104"]
[EventDate "2004.11.04"]

1. d4 Nf6 2. c4 g6 3. Nc3 Bg7 4. Nf3 d6 5. e3 O-O 6. Be2 Nbd7 7. b3 e5 8. Bb2
Re8 9. Qc2 c6 10. O-O-O Qe7 11. h3 a6 12. g4 b5 13. Ba3 e4 14. Nd2 h6 15. h4
Rb8 16. g5 b4 17. gxf6 Nxf6 18. Bb2 bxc3 19. Qxc3 h5 20. Rdg1 Bg4 21. Bxg4 Nxg4
22. Rg2 c5 23. Nf1 cxd4 24. exd4 Qf6 25. Qd2 Bh6 26. Ne3 Qf3 27. Re1 Qxg2 28.
Nxg2 Bxd2+ 29. Kxd2 Nxf2 30. Rf1 Nd3 31. Ba3 Nb4 32. Nf4 e3+ 33. Ke2 Nxa2 34.
Nd5 Nc3+ 35. Nxc3 Rxb3 36. Nb1 Reb8 37. Bxd6 Rb2+ 38. Kxe3 Rxb1 39. Bxb8 Rxf1
40. c5 Kf8 41. Ke4 Ke8 42. Kd5 Kd7 43. c6+ Kc8 44. Be5 Rc1 45. Kd6 a5 46. d5 a4
47. Bb2 Rb1 48. Ba3 Rb3 49. Bc5 Rd3 50. Ke5 a3 51. d6 a2 52. d7+ Kc7 0-1

[Event "WYCC 2004 - G16"]
[Site "Creta Maris Conference Hotel"]
[Date "2004.11.08"]
[Round "6.8"]
[White "Siti, Zulaikha"]
[Black "Dauletova, Gulmira"]
[Result "1-0"]
[WhiteElo "2162"]
[BlackElo "2063"]
[PlyCount "120"]
[EventDate "2004.11.04"]

1. e4 c5 2. Nc3 Nc6 3. f4 g6 4. Nf3 Bg7 5. Bb5 Nd4 6. O-O Nxb5 7. Nxb5 d6 8. d3
a6 9. Nc3 b5 10. Kh1 Bb7 11. Qe1 Qc7 12. Nd1 Nf6 13. Ne3 d5 14. e5 Nd7 15. e6
fxe6 16. Ng5 Qc6 17. Ng4 d4 18. Rf2 h5 19. Ne5 Bxe5 20. fxe5 O-O-O 21. Nf7 h4
22. Nxd8 Kxd8 23. h3 Rh5 24. Bf4 Nb6 25. Qd2 Rf5 26. Rg1 Nd5 27. Bh2 Kd7 28.
Rxf5 exf5 29. c3 dxc3 30. bxc3 c4 31. dxc4 Qxc4 32. Rd1 Ke8 33. Qh6 Qc6 34.
Qxh4 Qe6 35. Rd2 Qg8 36. Qd4 Qe6 37. c4 bxc4 38. Qxc4 Kf7 39. Qh4 Kg7 40. Bg1
Qc6 41. Kh2 e6 42. Rb2 Qc7 43. Bd4 Ba8 44. Qg3 Bb7 45. h4 Kh7 46. Qg5 Qf7 47.
Rb3 Bc6 48. Rb8 Qc7 49. Qd8 Qxd8 50. Rxd8 Nb4 51. a3 Nd3 52. Rd6 Bd5 53. Rxa6
Ne1 54. Rd6 f4 55. Bc3 Nc2 56. a4 Ne3 57. Bd4 Nf5 58. Rd7+ Kh6 59. Bf2 Kh5 60.
a5 Kg4 1-0

[Event "WYCC 2004 - G16"]
[Site "Creta Maris Conference Hotel"]
[Date "2004.11.08"]
[Round "6.9"]
[White "Leks, Hanna"]
[Black "Choisy, Mathilde"]
[Result "0-1"]
[WhiteElo "2146"]
[BlackElo "2051"]
[PlyCount "92"]
[EventDate "2004.11.04"]

1. e4 c5 2. c4 Nc6 3. Nc3 g6 4. g3 Bg7 5. Bg2 e6 6. Nge2 Nge7 7. d3 O-O 8. O-O
d6 9. Be3 Nd4 10. Rb1 Nec6 11. a3 b6 12. b4 Qd7 13. f4 Bb7 14. g4 f5 15. gxf5
exf5 16. Nd5 Nxe2+ 17. Qxe2 Nd4 18. Bxd4 Bxd4+ 19. Kh1 Bxd5 20. cxd5 Rae8 21.
Qd2 Qg7 22. Rfd1 Qh6 23. bxc5 bxc5 24. Rf1 fxe4 25. Bxe4 Be5 26. Qg2 Rxf4 27.
Rxf4 Bxf4 28. Bf5 Rf8 29. Be6+ Kh8 30. Qh3 Qxh3 31. Bxh3 Be5 32. Kg2 Bd4 33.
Rb7 Rf2+ 34. Kg3 Rd2 35. Bf1 a5 36. Rb5 Bc3 37. Rb3 Be5+ 38. Kf3 Ra2 39. h4 a4
40. Rb5 Rxa3 41. Ke4 Ra1 42. Bg2 a3 43. Ra5 a2 44. Kf3 Kg7 45. Kf2 Kf6 46. Bf3
Bd4+ 0-1

[Event "WYCC 2004 - G16"]
[Site "Creta Maris Conference Hotel"]
[Date "2004.11.08"]
[Round "6.10"]
[White "Foisor, Sabina-Francesca"]
[Black "Djukic, Sandra"]
[Result "1-0"]
[WhiteElo "2228"]
[BlackElo "2028"]
[PlyCount "73"]
[EventDate "2004.11.04"]

1. d4 Nf6 2. c4 c5 3. d5 b5 4. cxb5 a6 5. bxa6 d6 6. Nc3 Bxa6 7. g3 g6 8. Bg2
Bg7 9. Nf3 Nbd7 10. Rb1 O-O 11. O-O Qc7 12. b3 Rfb8 13. Qc2 Qa7 14. Rd1 Ng4 15.
e3 Qc7 16. a4 Rb7 17. Bf1 Bxf1 18. Rxf1 Nb8 19. Nb5 Qd7 20. Nd2 Na6 21. Nc4 Nb4
22. Qd1 Nf6 23. Bd2 Nbxd5 24. Qf3 Rf8 25. Rfd1 Nb6 26. a5 Nxc4 27. bxc4 Ng4 28.
a6 Rbb8 29. a7 Rbc8 30. Bc3 Bxc3 31. Nxc3 Ne5 32. Qb7 Qxb7 33. Rxb7 Nc6 34. Nd5
Rfe8 35. Nc7 Na5 36. Nxe8 Nxb7 37. Nc7 1-0

[Event "WYCC 2004 - B18"]
[Site "Creta Maris Conference Hotel"]
[Date "2004.11.08"]
[Round "6.1"]
[White "Tomashevsky, Evgeny"]
[Black "Adly, Ahmed"]
[Result "1/2-1/2"]
[WhiteElo "2523"]
[BlackElo "2482"]
[PlyCount "89"]
[EventDate "2004.11.04"]

1. Nf3 Nf6 2. c4 e6 3. g3 d5 4. b3 Be7 5. Bg2 O-O 6. O-O b6 7. Bb2 c5 8. e3 Nc6
9. Nc3 Ba6 10. d3 dxc4 11. bxc4 Qd7 12. Qe2 Rad8 13. Rad1 Qc8 14. Nb5 Bb7 15.
Ne1 Ne8 16. f4 Bf6 17. Nc3 Nd6 18. g4 g6 19. Nf3 Bg7 20. g5 Ne7 21. Ne5 Bxg2
22. Qxg2 Nef5 23. Ng4 h5 24. gxh6 Nxh6 25. Nxh6+ Bxh6 26. h4 Kh7 27. Rf3 Qb7
28. Rh3 Qxg2+ 29. Kxg2 f5 30. Kf3 Ne8 31. Ne2 Nd6 32. h5 g5 33. fxg5 Bxg5 34.
Rg1 Bf6 35. Bxf6 Rxf6 36. Rhg3 Nf7 37. Rg7+ Kh6 38. Nf4 Ne5+ 39. Ke2 Rd7 40.
Rxd7 Nxd7 41. Rg8 Nf8 42. d4 Kh7 43. Rg1 Nd7 44. Rg6 Rxg6 45. hxg6+ 1/2-1/2

[Event "WYCC 2004 - B18"]
[Site "Creta Maris Conference Hotel"]
[Date "2004.11.08"]
[Round "6.2"]
[White "Gerzhoy, Leonid"]
[Black "Wojtaszek, Radoslaw"]
[Result "0-1"]
[WhiteElo "2372"]
[BlackElo "2536"]
[PlyCount "102"]
[EventDate "2004.11.04"]

1. Nf3 f5 2. g3 Nf6 3. Bg2 g6 4. O-O Bg7 5. c4 O-O 6. d4 d6 7. Nc3 c6 8. d5 e5
9. e4 cxd5 10. cxd5 Na6 11. Bg5 Bd7 12. Nd2 Rc8 13. Qe2 h6 14. Bxf6 Qxf6 15.
Rac1 f4 16. a3 h5 17. b4 Bh6 18. Qd3 f3 19. Bh1 Bxd2 20. Qxd2 g5 21. Qe3 b6 22.
Nb1 Nc7 23. a4 Bxa4 24. Rc3 g4 25. Rfc1 Qg7 26. Nd2 Bb5 27. Ra1 Na6 28. Rac1
Rxc3 29. Qxc3 Bd7 30. Nc4 Rc8 31. Qd2 Qf6 32. Ne3 Nc7 33. Qd3 Qf8 34. Nf5 Bxf5
35. exf5 Nb5 36. Rc6 Nd4 37. f6 Kf7 38. Qh7+ Kxf6 39. Qxh5 Nxc6 40. Qh4+ Kf7
41. Qh7+ Ke8 42. dxc6 Rxc6 43. h3 Rc1+ 44. Kh2 Rf1 45. Qc2 Kd8 46. h4 Qh6 47.
Qa2 Qg6 48. b5 Ke8 49. Qxa7 Rxf2+ 50. Kg1 Rf1+ 51. Kxf1 Qd3+ 0-1

[Event "WYCC 2004 - B18"]
[Site "Creta Maris Conference Hotel"]
[Date "2004.11.08"]
[Round "6.3"]
[White "Kim, Alexey"]
[Black "Dzagnidze, Nana"]
[Result "1/2-1/2"]
[WhiteElo "2443"]
[BlackElo "2484"]
[PlyCount "60"]
[EventDate "2004.11.04"]

1. e4 c5 2. Nf3 d6 3. c3 Nf6 4. Be2 g6 5. O-O Bg7 6. Bb5+ Bd7 7. Bxd7+ Qxd7 8.
Re1 Nc6 9. d4 O-O 10. d5 Ne5 11. Nxe5 dxe5 12. f3 e6 13. dxe6 Qxe6 14. Qe2 c4
15. Na3 Rfe8 16. Be3 Bf8 17. Nc2 a5 18. Red1 b5 19. a3 Red8 20. Bf2 Be7 21. Ne3
a4 22. Kf1 Rxd1+ 23. Rxd1 Rd8 24. Rxd8+ Bxd8 25. Bh4 Bb6 26. Bxf6 Bxe3 27. Qxe3
Qxf6 28. Qd2 Qc6 29. Qd8+ Kg7 30. Qe7 Qf6 1/2-1/2

[Event "WYCC 2004 - B18"]
[Site "Creta Maris Conference Hotel"]
[Date "2004.11.08"]
[Round "6.5"]
[White "Yudin, Sergei"]
[Black "Stellwagen, Daniel"]
[Result "0-1"]
[WhiteElo "2419"]
[BlackElo "2512"]
[PlyCount "46"]
[EventDate "2004.11.04"]

1. c4 Nf6 2. Nc3 g6 3. g3 Bg7 4. Bg2 O-O 5. d3 d6 6. Nf3 e5 7. O-O Nc6 8. Rb1
a5 9. a3 Bf5 10. Nd2 Qd7 11. Re1 Bh3 12. Bh1 h6 13. b4 axb4 14. axb4 Ng4 15. b5
Nd8 16. Nb3 f5 17. c5 dxc5 18. Bd5+ Kh7 19. Nxc5 Qe7 20. N3a4 e4 21. dxe4 fxe4
22. Be3 Rxf2 23. Bxe4 Rg2+ 0-1

[Event "WYCC 2004 - B18"]
[Site "Creta Maris Conference Hotel"]
[Date "2004.11.08"]
[Round "6.9"]
[White "Ong, Kezli"]
[Black "Barrientos, Sergio"]
[Result "1-0"]
[WhiteElo "2325"]
[BlackElo "2435"]
[PlyCount "111"]
[EventDate "2004.11.04"]

1. e4 c5 2. Nf3 Nc6 3. d4 cxd4 4. Nxd4 Nf6 5. Nc3 e5 6. Ndb5 d6 7. Bg5 a6 8.
Na3 b5 9. Bxf6 gxf6 10. Nd5 f5 11. Bd3 Be6 12. O-O Bxd5 13. exd5 Ne7 14. c3 Bg7
15. Qh5 e4 16. Bc2 Qc8 17. Rae1 O-O 18. Kh1 Rb8 19. f3 Ng6 20. fxe4 f4 21. Bd3
Qc5 22. Nc2 a5 23. Rf3 Rbe8 24. Rh3 h6 25. Nd4 Re5 26. Nf5 Qxd5 27. Nxg7 Kxg7
28. Qxh6+ Kf6 29. Rf1 Qxa2 30. Rxf4+ Ke7 31. Rf1 Qxb2 32. Rhf3 Qb3 33. Qg7 Ke8
34. c4 Re7 35. Rb1 Qa4 36. Rxb5 Qd1+ 37. Bf1 Rd7 38. Rxa5 Rd8 39. Ra7 Ne5 40.
Qf6 Nd7 41. Qf5 Ne5 42. Qg5 Nd7 43. h3 Qd4 44. Rfa3 Qc5 45. Qh4 f6 46. Be2 Rb8
47. Qh5+ Kd8 48. Qxc5 Nxc5 49. Bf3 Re8 50. Rf7 Nxe4 51. Bxe4 Rxe4 52. Raa7 Re6
53. Rf8+ Re8 54. Rxf6 Rb1+ 55. Kh2 Rd1 56. Rff7 1-0

[Event "WYCC 2004 - B18"]
[Site "Creta Maris Conference Hotel"]
[Date "2004.11.08"]
[Round "6.12"]
[White "Gavariev, Renat"]
[Black "Jones, Gawain C"]
[Result "0-1"]
[WhiteElo "2310"]
[BlackElo "2447"]
[PlyCount "42"]
[EventDate "2004.11.04"]

1. d4 Nf6 2. c4 c5 3. d5 b5 4. cxb5 a6 5. bxa6 g6 6. Nc3 Bxa6 7. e4 Bxf1 8.
Kxf1 d6 9. Nf3 Bg7 10. h3 O-O 11. Kg1 Nbd7 12. Kh2 Qa5 13. Re1 Rfb8 14. Re2 Nb6
15. Qd3 Na4 16. Nxa4 Qxa4 17. Bg5 h6 18. Bxf6 exf6 19. e5 dxe5 20. Rc1 Qf4+ 21.
g3 Qxc1 0-1